00408nam a2200133Ia 450000500170000000800410001702000180005808200210007610000180009724500910011526000330020630000150023944000200025420241111155245.0240126s9999 xx 000 0 und d a9781484291061 a004.21 KOR;1 R aKore, Akshay. 0aDesigning human-centric AI experiences : applied UX design for artificial intelligence bApress MediaaNew Yorkc2022 axxiii, 468 aDesign thinking